Central Library OPAC University of Rajshahi

Antitrust in Japan / (Record no. 14739)

MARC details
000 -LEADER
fixed length control field 00868cam a2200289 4500
001 - CONTROL NUMBER
control field 14739
003 - CONTROL NUMBER IDENTIFIER
rucl marc code BD-RjUL
005 - DATE AND TIME OF LATEST TRANSACTION
control field 20211208235701.0
008 - FIXED-LENGTH DATA ELEMENTS--GENERAL INFORMATION
fixed length control field 140208s1970 njua b 001 0 eng d
020 ## - INTERNATIONAL STANDARD BOOK NUMBER
International Standard Book Number 0691041946
035 ## - SYSTEM CONTROL NUMBER
System control number (BD-RjUL)14793
040 ## - CATALOGING SOURCE
Original cataloging agency DLC
Transcribing agency DLC
Modifying agency DLC
-- BD-RjUL
Language of cataloging eng
041 ## - LANGUAGE CODE
Language code of text/sound track or separate title eng
082 00 - DEWEY DECIMAL CLASSIFICATION NUMBER
Classification number 343.52072
Author mark and year HAA 1970
100 1# - MAIN ENTRY--PERSONAL NAME
Personal name Hadley, Eleanor M.
9 (RLIN) 45920
245 10 - TITLE STATEMENT
Title Antitrust in Japan /
Statement of responsibility, etc. by Eleanor M. Hadley.
260 ## - PUBLICATION, DISTRIBUTION, ETC. (IMPRINT)
Place of publication, distribution, etc. Princeton, N.J. :
Name of publisher, distributor, etc. Princeton University Press,
Date of publication, distribution, etc. 1970.
300 ## - PHYSICAL DESCRIPTION
Pagination 528 p. :
Illustrations illus. ;
Size 25 cm.
350 ## - PRICE (NR) (BK AM CF MU VM SE) [OBSOLETE]
Price 18.50
504 ## - BIBLIOGRAPHY, ETC. NOTE
Bibliography, etc Includes Bibliography and Index
650 #0 - SUBJECT ADDED ENTRY--TOPICAL TERM
Topical term or geographic name as entry element Antitrust law
Geographic subdivision Japan.
9 (RLIN) 45921
Topical term or geographic name as entry element Trusts, Industrial
Geographic subdivision Japan
General subdivision History.
9 (RLIN) 45922
651 #0 - SUBJECT ADDED ENTRY--GEOGRAPHIC NAME
Geographic name Japan
General subdivision Economic policy
Chronological subdivision 1945-1989.
9 (RLIN) 45923
942 ## - ADDED ENTRY ELEMENTS (KOHA)
Source of classification or shelving scheme Dewey Decimal Classification
Koha item type Books
Holdings
Lost status Source of classification or shelving scheme Damaged status Not for loan Collection code Permanent Location Current Location Shelving location Date acquired Source of acquisition Total Checkouts Full call number Date last seen Copy number Koha item type
  Dewey Decimal Classification   Not For Loan Non-fiction Central Library, University of Rajshahi Central Library, University of Rajshahi Reading Room 25/04/1979 Japan Foundation Gift   343.52072 HAA 1970 08/02/2014 C-1 Books